000 01121nam a2200217Ia 4500
001 17424
003 GE_BSU
008 181216s||||||||xx |||||||||||||| ||und||
040 _cGE_BSU
080 _a821.353.1
100 _aორბელიანი, გრიგოლ
245 _aწერილები: ტ. 2 : 1851-1859
245 _cაკაკი გაწერელიას რედაქციით და შენიშვნებით;კოტე გორდელაძის წინასიტყვ.; მხატვ.:ლ.ქუთათელაძე და გროგოლოა.
260 _aტფილისი
260 _bსახელგამი
260 _c1937
300 _a400გვ.;23სმ.
300 _eსურ. და პორტრ., 4 ჩართ. ფურც.ფაქსიმელეთ და გენეალოგიით დანართი: დამატებითი შენიშვნები (გვ. 388-389-სურათების სია (გვ. 390-391)
653 _aწერილები
942 _cBK
999 _c50476
_d50476